Organ ili menadžer.

Postavenie riaditeľa v juhoslovanských podnikoch sa ešte nezmenilo. Riaditelia sa venujú najmä politike a podliehajú miestnym politickým funkcionárom. Reformovať hospodárstvo bude možné až potom, keď sa zmení politický systém a keď už riaditeľ prestane byť činiteľom, ktorého štát poveril vedením pod...

Descrizione completa

Salvato in:
Dettagli Bibliografici
Autore principale: Karakaševic, V.
Natura: Capitolo di libro
Lingua:serbo
Soggetti:
Tags: Aggiungi Tag
Nessun Tag, puoi essere il primo ad aggiungerne!!

MARC

LEADER 00000naa a2200000 4500
001 r002209
005 20220819192354.6
041 0 |a srp 
044 |a [YU] 
245 1 0 |a Organ ili menadžer.  |c V. Karakaševic 
520 |a Postavenie riaditeľa v juhoslovanských podnikoch sa ešte nezmenilo. Riaditelia sa venujú najmä politike a podliehajú miestnym politickým funkcionárom. Reformovať hospodárstvo bude možné až potom, keď sa zmení politický systém a keď už riaditeľ prestane byť činiteľom, ktorého štát poveril vedením podniku. Kto bude skutočným vlastníkom štátnych podnikov v Juhoslávii? 
610 2 0 |a riaditelia 
610 2 0 |a reformy hospodárske 
610 2 0 |a podnik štátny 
610 2 0 |a manažment 
610 2 0 |a SFRJ 
100 1 |a Karakaševic, V.